000 00335pam a2200157a 44500
008 230515b2008 xxu||||| |||| 00| 0 eng d
020 _aNULL
041 _aENGLISH
082 _aND
100 _aUMAARAJI
245 _aCONCISES OF ORAL RADIOLOGY
250 _a1
260 _a
_bC B S PUB
_c2008
300 _a269
650 _aNULL
999 _c560428
_d560428